| Tag |
First Indicator |
Second Indicator |
Subfields |
| LEADER |
00000cam a2200000 a 4500 |
| 001 |
in00000277721 |
| 005 |
20151010065457.0 |
| 008 |
820804s1980 fr b i00000 eng |
| 010 |
|
|
|a 81159808
|
| 015 |
|
|
|a F***
|
| 020 |
|
|
|a 9264119868 (pbk.)
|
| 035 |
|
|
|a (OCoLC)08709623
|
| 035 |
|
|
|9 ABE3672AM
|
| 039 |
0 |
|
|a 2
|b 3
|c 3
|d 3
|e 3
|
| 040 |
|
|
|a DLC
|c DLC
|d TXA
|d UtOrBLW
|
| 049 |
|
|
|a TXAM
|c [1273187]
|
| 050 |
0 |
0 |
|a TJ163.2
|b S6
|
| 082 |
0 |
|
|a 338.6/042
|2 19
|
| 245 |
0 |
0 |
|a Siting procedures for major energy facilities :
|b some national cases.
|
| 264 |
|
1 |
|a Paris :
|b Organisation for Economic Co-operation and Development ;
|c 1980.
|
| 264 |
|
2 |
|a [Washington, D.C.] :
|b [For sale by OECD Publications and Information Center],
|
| 300 |
|
|
|a 142 pages ;
|c 24 cm.
|
| 336 |
|
|
|a text
|b txt
|2 rdacontent
|
| 337 |
|
|
|a unmediated
|b n
|2 rdamedia
|
| 338 |
|
|
|a volume
|b nc
|2 rdacarrier
|
| 490 |
0 |
|
|a Document - Organisation for Economic Co-operation and Development
|
| 504 |
|
|
|a Includes bibliographical references.
|
| 650 |
|
0 |
|a Energy facilities
|x Location.
|
| 650 |
|
0 |
|a Energy policy.
|
| 710 |
2 |
|
|a Organisation for Economic Co-operation and Development.
|
| 999 |
|
|
|a MARS
|
| 999 |
f |
f |
|s cefc515b-54b9-3dd5-9d7f-7f67fefc793d
|i 64dca1ae-fff3-3f23-b133-eea10030fc67
|t 0
|
| 952 |
f |
f |
|p ric
|a Texas A&M University
|b Rellis Campus
|c Joint Library Facility
|d Remote Storage
|t 0
|e TJ163.2 S6
|h Library of Congress classification
|i unmediated -- volume
|m A14806385683
|
| 998 |
f |
f |
|a TJ163.2 S6
|t 0
|l Remote Storage
|